El libro de los recuerdos (Record no. 167492)

MARC details
000 -LEADER
campo de control de longitud fija 00765nam a22001815i 4500
001 - NÚMERO DE CONTROL
campo de control 167492
003 - IDENTIFICADOR DE NÚMERO DE CONTROL
campo de control ES-MaACL
005 - FECHA Y HORA DE LA ÚLTIMA TRANSACCIÓN
campo de control 20250814063251.0
008 - DATOS DE LONGITUD FIJA--INFORMACIÓN GENERAL
campo de control de longitud fija 960320s1875 sp |||| | spa d
040 ## - FUENTE DE CATALOGACIÓN
Centro catalogador/agencia de origen CARM
Lengua de catalogación spa
Centro/agencia transcriptor CCPB | SIC
100 1# - ENTRADA PRINCIPAL--NOMBRE DE PERSONA
Nombre de persona Vieyra de Abreu, Carlos,
Fechas asociadas al nombre 1854-1918
9 (RLIN) 114608
245 13 - MENCIÓN DEL TÍTULO
Título El libro de los recuerdos
Resto del título : poesias líricas /
Mención de responsabilidad, etc. Carlos Vieyra de Abreu ; precedidas de una carta-prólogo del Sr. Gaspar Nuñez de Arce.
260 ## - PUBLICACIÓN, DISTRIBUCIÓN, ETC.
Lugar de publicación, distribución, etc. Madrid :
Nombre del editor, distribuidor, etc. [s.n.],
Fecha de publicación, distribución, etc. 1875 (
Fabricante Establecimiento tipográfico de P. Nuñez)
300 ## - DESCRIPCIÓN FÍSICA
Extensión 112 p. ;
Dimensiones 19 cm.
700 1# - ENTRADA AGREGADA--NOMBRE PERSONAL
Nombre de persona Núñez de Arce, Gaspar,
Fechas asociadas al nombre 1834-1903
9 (RLIN) 223411
852 ## - LOCALIZACIÓN
Ubicación ES-MaACL
Número de control de estantería T-281-F-5
Nota libre -- Enc. hol., falto de la enc. original
-- -- Enc. en un vol. facticio
Holdings
Estatus retirado Estado de pérdida Estado de daño No para préstamo Colección Biblioteca de origen Biblioteca actual Ubicación en estantería Fecha de adquisición Total de préstamos Signatura topográfica completa Código de barras Visto por última vez Precio de reemplazo Tipo de ítem Koha
        Colección de folletos Biblioteca del Ateneo de Madrid Biblioteca del Ateneo de Madrid Depósito folletos 17/01/2008   T-281-F-5 1175709 23/02/2023 23/02/2023 Folleto